[Event "GRE-chT 49th"]
[Site "Thessaloniki"]
[Date "2022.08.17"]
[Round "7"]
[White "Nasos, Valerios"]
[Black "Tsouchnikas, Orestis"]
[Result "1-0"]
[WhiteElo "1698"]
[BlackElo "1735"]
[PlyCount "120"]
[EventDate "2022.08.12"]
[EventType "team-swiss"]
[EventRounds "7"]
[EventCountry "GRE"]
[SourceTitle "EXT 2024"]
[Source "ChessBase"]
[SourceDate "2023.10.10"]
[SourceVersion "1"]
[SourceVersionDate "2023.10.10"]
[SourceQuality "1"]
[WhiteTeam "Alexanthroepoles Ethnikos"]
[BlackTeam "Thessaloniki Chan"]
[WhiteTeamCountry "GRE"]
[BlackTeamCountry "GRE"]

1. e4 e5 2. Nf3 Nc6 3. Bb5 Nf6 4. 0-0 d6 5. Re1 Bd7 6. c3 Be7 7. d4 0-0 8. d5 Nb8 9. Bxd7 Nbxd7 10. c4 a5 11. Nc3 Ne8 12. Qc2 g6 13. Bh6 Ng7 14. a3 f5 15. b4 f4 16. Nd2 Kh8 17. Bxg7+ Kxg7 18. f3 g5 19. Nb3 a4 20. Na5 Qc8 21. Nxa4 Kf7 22. Nc3 Rg8 23. Rf1 Nf6 24. g4 h5 25. h3 hxg4 26. hxg4 Rh8 27. Qg2 c5 28. Nb5 cxb4 29. axb4 Qd7 30. Kf2 Qd8 31. Ke2 Qc8 32. Kd3 Ne8 33. Rh1 Nf6 34. Qf2 Ra6 35. Rxh8 Qxh8 36. Nc7 Qh3 37. Rg1 Nxe4 38. Qf1 Qxf1+ 39. Rxf1 Nc5+ 40. Kc2 Ra7 41. Nb5 Ra6 42. bxc5 Rxa5 43. cxd6 Bf8 44. Kb3 b6 45. Rh1 Kg6 46. Rh8 Kg7 47. Rh5 Kg6 48. d7 Ra8 49. Nc7 Rb8 50. Ne6 Be7 51. Kc2 Ra8 52. Kb2 Rg8 53. Rh1 Bf6 54. Kb3 Kf7 55. Rh7+ Kg6 56. Rh2 Kf7 57. Ra2 Bd8 58. Kc2 Ke7 59. Kd3 Kxd7 60. Ra8 Rh8 1-0

[Event "GRE-chT 49th"]
[Site "Thessaloniki"]
[Date "2022.08.14"]
[Round "4"]
[White "Christodoulou, Panormitis"]
[Black "Tsouchnikas, Orestis"]
[Result "1-0"]
[WhiteElo "1933"]
[BlackElo "1735"]
[PlyCount "103"]
[EventDate "2022.08.12"]
[EventType "team-swiss"]
[EventRounds "7"]
[EventCountry "GRE"]
[SourceTitle "EXT 2024"]
[Source "ChessBase"]
[SourceDate "2023.10.10"]
[SourceVersion "1"]
[SourceVersionDate "2023.10.10"]
[SourceQuality "1"]
[WhiteTeam "Patras EA"]
[BlackTeam "Thessaloniki Chan"]
[WhiteTeamCountry "GRE"]
[BlackTeamCountry "GRE"]

1. e4 e5 2. Nf3 Nc6 3. Bb5 a6 4. Ba4 Nf6 5. 0-0 d6 6. Re1 b5 7. Bb3 Na5 8. d4 Bg4 9. dxe5 Bxf3 10. Qxf3 dxe5 11. Qc3 Nxb3 12. Qxe5+ Be7 13. axb3 0-0 14. Nc3 Bb4 15. Bg5 h6 16. Bxf6 Bxc3 17. Qxc3 Qxf6 18. Qxf6 gxf6 19. Rad1 Rfd8 20. Kf1 Kf8 21. Ke2 Ke7 22. Rxd8 Rxd8 23. Rd1 Rg8 24. g3 c6 25. Ra1 Ra8 26. b4 Kd6 27. Ke3 Ke6 28. g4 Kd6 29. Kd4 h5 30. gxh5 Rh8 31. h4 Rxh5 32. Rh1 Ke6 33. f4 Kd6 34. f5 Kd7 35. Kc5 Kc7 36. Rh2 Kd7 37. Rd2+ Ke7 38. Rh2 Kd7 39. Rh3 Kc7 40. Ra3 Rxh4 41. Rxa6 Rxe4 42. Rxc6+ Kd7 43. Kxb5 Re2 44. Rc5 Kd6 45. c4 Rxb2 46. Rd5+ Kc7 47. c5 Rf2 48. c6 Rf4 49. Rd7+ Kc8 50. Rxf7 Rxf5+ 51. Kb6 Kd8 52. c7+ 1-0

[Event "GRE-chT 49th"]
[Site "Thessaloniki"]
[Date "2022.08.12"]
[Round "1"]
[White "Tsouchnikas, Orestis"]
[Black "Symeonidis, Theofilos"]
[Result "0-1"]
[WhiteElo "1735"]
[BlackElo "1546"]
[PlyCount "72"]
[EventDate "2022.08.12"]
[EventType "team-swiss"]
[EventRounds "7"]
[EventCountry "GRE"]
[SourceTitle "EXT 2024"]
[Source "ChessBase"]
[SourceDate "2023.10.10"]
[SourceVersion "1"]
[SourceVersionDate "2023.10.10"]
[SourceQuality "1"]
[WhiteTeam "Thessaloniki Chan"]
[BlackTeam "Larisas"]
[WhiteTeamCountry "GRE"]
[BlackTeamCountry "GRE"]

1. e4 c5 2. c4 Nc6 3. Nc3 g6 4. g3 Bg7 5. Bg2 d6 6. d3 e6 7. Bf4 Nge7 8. Qd2 Nd4 9. h4 h5 10. Nf3 Nec6 11. Rc1 a6 12. Ne2 Nxe2 13. Qxe2 e5 14. Bd2 Bg4 15. Qf1 Bxf3 16. Bxf3 Bh6 17. Rd1 Bxd2+ 18. Rxd2 Qa5 19. b3 Nd4 20. Bd1 f5 21. Qg2 0-0-0 22. f3 Rhf8 23. 0-0 f4 24. g4 hxg4 25. Qxg4+ Kb8 26. Rff2 Rh8 27. Rh2 Rh6 28. Qg5 Rdh8 29. a3 Qc3 30. Qe7 g5 31. h5 Qc1 32. Rhg2 Nxf3+ 33. Kf2 Qxd2+ 34. Kxf3 Qxd1+ 35. Kf2 Qd2+ 36. Kf1 Qxd3+ 0-1

[Event "Thessaloniki Triandria op 13th"]
[Site "Thessaloniki"]
[Date "2022.04.29"]
[Round "5"]
[White "Tsouchnikas, Orestis"]
[Black "Vasiliadis, Theodoros"]
[Result "1-0"]
[WhiteElo "1733"]
[BlackElo "1840"]
[PlyCount "95"]
[EventDate "2022.04.26"]
[EventType "swiss"]
[EventRounds "7"]
[EventCountry "GRE"]
[SourceTitle "EXT 2023"]
[Source "ChessBase"]
[SourceDate "2022.10.05"]
[SourceVersion "1"]
[SourceVersionDate "2022.10.05"]
[SourceQuality "1"]

1. e4 c5 2. c4 Nc6 3. Nc3 g6 4. d3 Bg7 5. Be2 d6 6. Be3 e6 7. Qd2 Nd4 8. Nf3 Ne7 9. Bf4 Nec6 10. Bd1 0-0 11. Bh6 Nxf3+ 12. Bxf3 Nd4 13. 0-0-0 Bxh6 14. Qxh6 Qf6 15. h4 Qg7 16. Qf4 e5 17. Qg3 Be6 18. h5 g5 19. h6 Qf6 20. Ne2 Kh8 21. Nxd4 cxd4 22. Bg4 Qf4+ 23. Qxf4 gxf4 24. Bxe6 fxe6 25. Rh5 Rg8 26. Rg1 Rg6 27. Kd1 Rc8 28. Ke2 Kg8 29. g4 Kf7 30. f3 Ke7 31. Rc1 Kd7 32. Kd2 Rf8 33. c5 Rff6 34. cxd6 Kxd6 35. Rch1 Rf7 36. Rc1 Rc7 37. Rxc7 Kxc7 38. b4 Kd6 39. Rh1 Ke7 40. a4 Kf6 41. b5 Kg5 42. Rh5+ Kf6 43. Rh1 Rg8 44. Rc1 Re8 45. Rc7 Re7 46. g5+ Kf7 47. g6+ Ke8 48. Rxe7+ 1-0

[Event "GRE-chT2 48th"]
[Site "Thessaloniki"]
[Date "2021.10.10"]
[Round "7.6"]
[White "Georgiadis, Athanasios Kat"]
[Black "Tsouchnikas, Orestis"]
[Result "1/2-1/2"]
[WhiteElo "1460"]
[BlackElo "1648"]
[PlyCount "110"]
[EventDate "2021.10.05"]
[EventType "team-swiss"]
[EventRounds "7"]
[EventCountry "GRE"]
[SourceTitle "CBM 204 Extra"]
[Source "ChessBase"]
[SourceDate "2021.11.30"]
[SourceVersion "1"]
[SourceVersionDate "2021.11.30"]
[SourceQuality "1"]
[WhiteTeam "Katerinis"]
[BlackTeam "Kalamarias Han"]
[WhiteTeamCountry "GRE"]
[BlackTeamCountry "GRE"]

1. e4 e5 2. Nf3 Nc6 3. Bb5 d6 4. d4 exd4 5. Nxd4 Bd7 6. Nc3 g6 7. 0-0 Bg7 8. Bxc6 bxc6 9. Be3 Nf6 10. f3 0-0 11. Qd2 c5 12. Nde2 Re8 13. Rad1 Bc6 14. b3 Qe7 15. Bg5 Rad8 16. Nf4 Qe5 17. Nfd5 Nxd5 18. Nxd5 Rc8 19. Rfe1 Bxd5 20. exd5 Qb2 21. c4 Qc3 22. Qxc3 Bxc3 23. Rxe8+ Rxe8 24. Kf1 a5 25. Bd2 Bxd2 26. Rxd2 Ra8 27. a4 Kf8 28. Kf2 Rb8 29. Rd3 f6 30. Re3 Kf7 31. f4 Rg8 32. g4 g5 33. f5 h5 34. h3 hxg4 35. hxg4 Rh8 36. Kg2 Rh4 37. Kg3 Kf8 38. Re6 Kf7 39. Re1 Rh8 40. Re3 Rc8 41. Kf3 Rb8 42. Kg3 Rh8 43. Kg2 Re8 44. Rxe8 Kxe8 45. Kf3 Kd7 46. Ke3 c6 47. Ke4 Kc7 48. Kd3 Kb7 49. Kc3 Kb6 50. Kd3 cxd5 51. cxd5 Kc7 52. Kc4 Kb6 53. Kd3 Kc7 54. Kc4 Kb6 55. Kd3 Kc7 1/2-1/2

[Event "GRE-ch Online Blitz op 1st"]
[Site "Tornelo INT"]
[Date "2021.02.07"]
[Round "15"]
[White "Liargovas, Dimitrios"]
[Black "Tsouchnikas, Orestis"]
[Result "1-0"]
[WhiteElo "1820"]
[BlackElo "1141"]
[PlyCount "61"]
[EventDate "2021.02.07"]
[EventType "swiss (blitz)"]
[EventRounds "16"]
[EventCountry "GRE"]
[SourceTitle "EXT 2023"]
[Source "ChessBase"]
[SourceDate "2022.10.05"]
[SourceVersion "1"]
[SourceVersionDate "2022.10.05"]
[SourceQuality "1"]

1. d4 d6 2. Nf3 g6 3. Bg5 Bg7 4. Nbd2 Nf6 5. e4 Nbd7 6. Bc4 0-0 7. 0-0 c6 8. c3 h6 9. Bh4 e5 10. dxe5 dxe5 11. Qe2 Qc7 12. b4 Nb6 13. Bb3 Bg4 14. h3 Bxf3 15. Nxf3 Rad8 16. Rfd1 Rxd1+ 17. Rxd1 Nh5 18. a4 Nf4 19. Qd2 g5 20. Bg3 Bf6 21. a5 Nc8 22. Qd7 Qb8 23. Bxf4 exf4 24. Rd3 Be7 25. Qf5 Nd6 26. Qg6+ Kh8 27. Qxh6+ Kg8 28. Nxg5 Bxg5 29. Qxg5+ Kh7 30. Qh5+ Kg7 31. Qe5+ 1-0

[Event "GRE-ch Online Blitz op 1st"]
[Site "Tornelo INT"]
[Date "2021.02.07"]
[Round "13"]
[White "Skiadopoulos, Nikolaos"]
[Black "Tsouchnikas, Orestis"]
[Result "1/2-1/2"]
[WhiteElo "2036"]
[BlackElo "1141"]
[PlyCount "79"]
[EventDate "2021.02.07"]
[EventType "swiss (blitz)"]
[EventRounds "16"]
[EventCountry "GRE"]
[SourceTitle "EXT 2023"]
[Source "ChessBase"]
[SourceDate "2022.10.05"]
[SourceVersion "1"]
[SourceVersionDate "2022.10.05"]
[SourceQuality "1"]

1. e4 e5 2. Nc3 d6 3. f4 exf4 4. d4 Nf6 5. Bxf4 Nc6 6. Nf3 Be7 7. d5 Nb8 8. Bd3 Nbd7 9. 0-0 0-0 10. e5 dxe5 11. Nxe5 Nc5 12. Bc4 Bd6 13. Nd3 Nxd3 14. Bxd3 Bxf4 15. Rxf4 Bg4 16. Rxg4 Nxg4 17. Qxg4 Qd6 18. h4 Qb6+ 19. Kh1 Qxb2 20. Rb1 Qxc3 21. Rxb7 Rfb8 22. Rb3 Rxb3 23. axb3 Qe1+ 24. Kh2 Qe5+ 25. Kh1 Qxd5 26. Be4 Qd8 27. Bxa8 Qxa8 28. Qd7 Qb8 29. c4 g6 30. c5 Qb7 31. c6 Qb6 32. Qd5 a5 33. Kh2 Kg7 34. Qe5+ Kg8 35. Qd5 h5 36. Qd8+ Kg7 37. Qd5 Kg8 38. Qd8+ Kg7 39. Qd5 Kg8 40. Qd8+ 1/2-1/2

[Event "GRE-ch Online Blitz op 1st"]
[Site "Tornelo INT"]
[Date "2021.02.07"]
[Round "16"]
[White "Tsouchnikas, Orestis"]
[Black "Gioras, Ioannis"]
[Result "1-0"]
[WhiteElo "1141"]
[BlackElo "1502"]
[PlyCount "111"]
[EventDate "2021.02.07"]
[EventType "swiss (blitz)"]
[EventRounds "16"]
[EventCountry "GRE"]
[SourceTitle "EXT 2023"]
[Source "ChessBase"]
[SourceDate "2022.10.05"]
[SourceVersion "1"]
[SourceVersionDate "2022.10.05"]
[SourceQuality "1"]

1. e4 c5 2. c4 Nc6 3. Nc3 g6 4. g3 Bg7 5. Bg2 d6 6. Nge2 Nf6 7. 0-0 0-0 8. d3 Bg4 9. f3 Bd7 10. Be3 a6 11. Qd2 Rb8 12. Bh6 b5 13. Bxg7 Kxg7 14. b3 e6 15. f4 Qc7 16. h3 Kg8 17. Nd1 Nd4 18. Nxd4 cxd4 19. Nf2 Qc5 20. Rfc1 Nh5 21. Kh2 f5 22. b4 Qb6 23. c5 dxc5 24. bxc5 Qc7 25. c6 Bc8 26. Qb4 fxe4 27. Nxe4 a5 28. Qxd4 b4 29. Qe5 Qxe5 30. fxe5 Ba6 31. c7 Rbc8 32. Nd6 Ng7 33. Nxc8 Bxc8 34. g4 Rf2 35. Rf1 Rd2 36. Rf3 a4 37. Raf1 Nf5 38. gxf5 gxf5 39. R1f2 Rd1 40. Rf4 b3 41. axb3 axb3 42. Rb4 Rc1 43. Rc4 Rd1 44. Rd4 Kf7 45. Rd8 Ba6 46. c8Q Bxc8 47. Rxc8 Rxd3 48. Rc7+ Kg6 49. Rb7 Re3 50. Rb2 Rxe5 51. R7xb3 Kf6 52. Rb6 Re3 53. Bd5 f4 54. Rxe6+ Rxe6 55. Bxe6 Kxe6 56. Kg2 1-0

[Event "GRE-ch Online Blitz op 1st"]
[Site "Tornelo INT"]
[Date "2021.02.07"]
[Round "4"]
[White "Tsouchnikas, Orestis"]
[Black "Kavvadias, Dimitrios"]
[Result "1-0"]
[WhiteElo "1141"]
[BlackElo "1012"]
[PlyCount "135"]
[EventDate "2021.02.07"]
[EventType "swiss (blitz)"]
[EventRounds "16"]
[EventCountry "GRE"]
[SourceTitle "EXT 2023"]
[Source "ChessBase"]
[SourceDate "2022.10.05"]
[SourceVersion "1"]
[SourceVersionDate "2022.10.05"]
[SourceQuality "1"]

1. e4 e5 2. Nf3 Nc6 3. Bb5 a6 4. Bxc6 dxc6 5. h3 Nf6 6. Nc3 Bd6 7. 0-0 0-0 8. Re1 Be6 9. d4 exd4 10. Nxd4 Bc5 11. Nxe6 fxe6 12. Bg5 h6 13. Bxf6 Qxf6 14. Rf1 Bxf2+ 15. Kh1 Qg6 16. Qe2 Qg3 17. Rad1 Bb6 18. Rd3 Qg6 19. Rdf3 Rxf3 20. Qxf3 Qe8 21. Na4 Qf8 22. Qe2 Qd6 23. Nxb6 cxb6 24. Rd1 Qc5 25. Rd7 Qb5 26. Qg4 Qg5 27. Qxg5 hxg5 28. Rxb7 b5 29. Rb6 Rd8 30. Rxc6 Rd2 31. a3 a5 32. b3 Kf7 33. Rc5 Kf6 34. Rxb5 Rxc2 35. Rxa5 Rb2 36. b4 Ke7 37. Ra7+ Kf6 38. Ra5 Ke7 39. b5 Kd6 40. a4 Kc5 41. Ra7 g6 42. Kh2 Rb3 43. Rg7 Rb4 44. Rxg6 Rxe4 45. Rxg5+ Kb6 46. Rg6 Rxa4 47. Rxe6+ Kxb5 48. Re5+ Kc6 49. Kg3 Ra7 50. h4 Rg7+ 51. Kh3 Kd6 52. Re1 Kd5 53. h5 Rg8 54. g4 Rg7 55. Kh4 Rh7 56. g5 Rg7 57. h6 Rg6 58. Kh5 Rg8 59. h7 Rh8 60. g6 Kd6 61. Kh6 Kd7 62. g7 Re8 63. g8Q Rxg8 64. hxg8Q Kd6 65. Qd8+ Kc5 66. Rc1+ Kb4 67. Qb8+ Ka3 68. Ra1# 1-0

[Event "GRE-ch Online Blitz op 1st"]
[Site "Tornelo INT"]
[Date "2021.02.07"]
[Round "10"]
[White "Tsouchnikas, Orestis"]
[Black "Lianas, Ioannis"]
[Result "1/2-1/2"]
[WhiteElo "1141"]
[BlackElo "1724"]
[PlyCount "90"]
[EventDate "2021.02.07"]
[EventType "swiss (blitz)"]
[EventRounds "16"]
[EventCountry "GRE"]
[SourceTitle "EXT 2023"]
[Source "ChessBase"]
[SourceDate "2022.10.05"]
[SourceVersion "1"]
[SourceVersionDate "2022.10.05"]
[SourceQuality "1"]

1. e4 c5 2. c4 g6 3. Nc3 Bg7 4. g3 Nc6 5. Bg2 d6 6. Nge2 e6 7. 0-0 Nge7 8. d3 0-0 9. Bd2 a6 10. Qc1 b5 11. Bh6 Rb8 12. Bxg7 Kxg7 13. b3 b4 14. Nd1 e5 15. Ne3 Nd4 16. Qd2 a5 17. f4 f5 18. Nxd4 cxd4 19. Nd5 Nxd5 20. exd5 Qf6 21. Rae1 Bd7 22. Re2 Rfe8 23. Rfe1 Re7 24. fxe5 dxe5 25. c5 Bb5 26. d6 Ree8 27. g4 e4 28. dxe4 Bxe2 29. Rxe2 fxe4 30. Rxe4 Rxe4 31. Bxe4 Qe5 32. Qc2 Re8 33. d7 Rd8 34. c6 Qc7 35. Qd3 Qe5 36. Bf3 Rf8 37. Kg2 h6 38. h3 Rd8 39. Qc4 Rf8 40. c7 Qe3 41. Qd5 Qd2+ 42. Kg3 Qf4+ 43. Kg2 Qd2+ 44. Kg3 Qe1+ 45. Kg2 Qd2+ 1/2-1/2

[Event "GRE-ch Online Blitz op 1st"]
[Site "Tornelo INT"]
[Date "2021.02.07"]
[Round "12"]
[White "Tsouchnikas, Orestis"]
[Black "Orfanidis, Kyriakos"]
[Result "1/2-1/2"]
[WhiteElo "1141"]
[BlackElo "1819"]
[PlyCount "84"]
[EventDate "2021.02.07"]
[EventType "swiss (blitz)"]
[EventRounds "16"]
[EventCountry "GRE"]
[SourceTitle "EXT 2023"]
[Source "ChessBase"]
[SourceDate "2022.10.05"]
[SourceVersion "1"]
[SourceVersionDate "2022.10.05"]
[SourceQuality "1"]

1. e4 c5 2. c4 Nc6 3. Nc3 g6 4. g3 Bg7 5. Bg2 a6 6. Nge2 d6 7. 0-0 Rb8 8. d3 e6 9. Bd2 Nge7 10. Qc1 0-0 11. Bh6 b5 12. Bxg7 Kxg7 13. b3 b4 14. Nd1 e5 15. Ne3 a5 16. Qd2 Ra8 17. f4 f6 18. Nd5 Bg4 19. Bf3 Bh3 20. Bg2 Bg4 21. Bf3 Bd7 22. Kg2 a4 23. h3 Be6 24. Kh2 Bxd5 25. exd5 Nd4 26. Nxd4 exd4 27. g4 axb3 28. axb3 f5 29. g5 Ng8 30. h4 Qe7 31. Rfe1 Qd7 32. h5 Ra3 33. hxg6 hxg6 34. Rxa3 bxa3 35. Qa2 Re8 36. Rxe8 Qxe8 37. Qxa3 Qe3 38. Kg3 Qe1+ 39. Kg2 Qd2+ 40. Kg3 Qe1+ 41. Kg2 Qd2+ 42. Kg3 Qe1+ 1/2-1/2

[Event "GRE-ch Online Blitz op 1st"]
[Site "Tornelo INT"]
[Date "2021.02.07"]
[Round "8"]
[White "Tsouchnikas, Orestis"]
[Black "Pentogenis, Ioannis"]
[Result "1-0"]
[WhiteElo "1141"]
[BlackElo "1342"]
[PlyCount "141"]
[EventDate "2021.02.07"]
[EventType "swiss (blitz)"]
[EventRounds "16"]
[EventCountry "GRE"]
[SourceTitle "EXT 2023"]
[Source "ChessBase"]
[SourceDate "2022.10.05"]
[SourceVersion "1"]
[SourceVersionDate "2022.10.05"]
[SourceQuality "1"]

1. e4 e5 2. Nf3 Nc6 3. Bb5 a6 4. Ba4 Nf6 5. d3 d6 6. 0-0 Be7 7. c3 0-0 8. h3 Bd7 9. Bb3 Be6 10. Nbd2 d5 11. exd5 Bxd5 12. Re1 Bd6 13. Bxd5 Nxd5 14. Nc4 Re8 15. Qb3 b5 16. Ncd2 Nf6 17. Ne4 Nxe4 18. dxe4 Na5 19. Qc2 c5 20. Bg5 f6 21. Be3 Nc4 22. Rad1 Nxe3 23. Rxe3 Qb6 24. Red3 Rad8 25. Qd2 Bc7 26. Qe2 Rxd3 27. Rxd3 Rd8 28. Kf1 c4 29. Rd2 Rxd2 30. Qxd2 Qd6 31. Qxd6 Bxd6 32. Ne1 Kf7 33. Nc2 Ke6 34. Ne3 Bc5 35. Nd5 Kd6 36. Ke2 a5 37. h4 Ba7 38. g4 g6 39. Nxf6 h6 40. Ng8 h5 41. gxh5 gxh5 42. Nf6 Ke6 43. Nxh5 Kf7 44. Kf3 Kg6 45. Ng3 Bc5 46. Nf5 Bf8 47. Kg4 Kf6 48. h5 Kf7 49. h6 Bxh6 50. Nxh6+ Kg6 51. Nf5 Kf6 52. f4 exf4 53. Kxf4 Ke6 54. e5 a4 55. Nd4+ Ke7 56. Kf5 Kf7 57. e6+ Ke7 58. Nc6+ Ke8 59. Kf6 Kf8 60. e7+ Ke8 61. Nb4 a3 62. bxa3 Kd7 63. Kf7 Kd6 64. e8Q Kc7 65. Qxb5 Kd6 66. Qd5+ Kc7 67. Qc6+ Kd8 68. Qd6+ Kc8 69. Qe7 Kb8 70. Nd5 Kc8 71. Qc7# 1-0

[Event "Thessaloniki White Tower op 42nd"]
[Site "Thessaloniki"]
[Date "2020.01.05"]
[Round "6"]
[White "Koutlas, Nikolaos"]
[Black "Tsouchnikas, Orestis"]
[Result "1-0"]
[WhiteElo "1965"]
[BlackElo "1507"]
[PlyCount "77"]
[EventDate "2020.01.02"]
[EventType "swiss"]
[EventRounds "9"]
[EventCountry "GRE"]
[SourceTitle "CBM 194 Extra"]
[Source "ChessBase"]
[SourceDate "2020.03.31"]
[SourceVersion "1"]
[SourceVersionDate "2020.03.31"]
[SourceQuality "1"]

1. e4 e5 2. Nf3 Nc6 3. Bb5 a6 4. Ba4 Nf6 5. d3 b5 6. Bb3 Bc5 7. Nc3 d6 8. Nd5 h6 9. Nxf6+ Qxf6 10. Bd5 Bd7 11. c3 Rb8 12. b4 Bb6 13. h3 Ne7 14. Bb3 Qg6 15. g4 Be6 16. Qe2 Kd7 17. Rg1 f6 18. Bxe6+ Kxe6 19. Be3 c5 20. bxc5 dxc5 21. a4 Ba5 22. Qc2 b4 23. cxb4 Bxb4+ 24. Ke2 Kd6 25. Rab1 Rhc8 26. Qc4 a5 27. Nh4 Qe8 28. Nf5+ Nxf5 29. gxf5 Qg8 30. Rg6 Qxc4 31. dxc4 Rb7 32. Rbg1 Rcc7 33. Rd1+ Ke7 34. Rxg7+ Ke8 35. Rg6 Rf7 36. Rd6 Bc3 37. Bxc5 Rbc7 38. Rg8+ Ke7 39. Rdd8+ 1-0

[Event "Thessaloniki White Tower op 42nd"]
[Site "Thessaloniki"]
[Date "2020.01.04"]
[Round "4"]
[White "Tsouchnikas, Orestis"]
[Black "Stefanou, Dimitrios"]
[Result "1/2-1/2"]
[WhiteElo "1507"]
[BlackElo "1938"]
[PlyCount "161"]
[EventDate "2020.01.02"]
[EventType "swiss"]
[EventRounds "9"]
[EventCountry "GRE"]
[SourceTitle "CBM 194 Extra"]
[Source "ChessBase"]
[SourceDate "2020.03.31"]
[SourceVersion "1"]
[SourceVersionDate "2020.03.31"]
[SourceQuality "1"]

1. e4 e5 2. Nf3 Nc6 3. Bb5 Nge7 4. 0-0 g6 5. c3 Bg7 6. d4 exd4 7. cxd4 a6 8. Ba4 b5 9. Bb3 0-0 10. Nc3 h6 11. h3 d6 12. Re1 Rb8 13. Be3 Na5 14. Qd2 Nxb3 15. axb3 Kh7 16. b4 d5 17. e5 Rb6 18. Ne2 Nf5 19. Nc1 g5 20. Nd3 Rg6 21. Nh2 Nh4 22. Kh1 h5 23. f3 Bh6 24. g4 Nxf3 25. Nxf3 hxg4 26. hxg4 Bxg4 27. Nh2 Bf5 28. Kg1 g4 29. Bxh6 Rxh6 30. Re3 Qg5 31. Qf2 Rg8 32. Nf1 Be4 33. Ng3 Bf3 34. Ne1 Qh4 35. Kf1 Qh3+ 36. Ng2 Rg5 37. Raa3 Rc6 38. Rac3 Rc4 39. Rxc4 bxc4 40. b3 Rg6 41. bxc4 dxc4 42. Rc3 a5 43. bxa5 Ra6 44. Rxf3 gxf3 45. Qxf3 Kg8 46. Qc3 Rg6 47. Kf2 Qg4 48. d5 Qd1 49. Ne3 Qb3 50. Qxb3 cxb3 51. Nc4 Rg4 52. Nb2 Rd4 53. Ke3 Rxd5 54. Ke4 Rxa5 55. Kd4 Kf8 56. Ne2 Ke7 57. Nc1 Ke6 58. Ncd3 Rb5 59. Kc4 Rb8 60. Nc5+ Kf5 61. Ncd3 Rd8 62. Kxb3 Ke4 63. Kc3 Rd5 64. Kc4 Rd4+ 65. Kc3 Rd5 66. Kc4 Rd8 67. Kc3 Rh8 68. Kc4 Rh6 69. Kc3 Kd5 70. Nc4 c5 71. Ne3+ Ke4 72. Ng4 Rh4 73. Nf6+ Kf5 74. Nd7 c4 75. N3c5 Rf4 76. Kb4 Rh4 77. Kc3 Rg4 78. Kb4 Rf4 79. Kc3 Kg4 80. Nb6 Kf5 81. Nbd7 1/2-1/2

[Event "GRE-ch U14"]
[Site "Patras"]
[Date "2019.06.26"]
[Round "2.4"]
[White "Stefanou, Dimitrios"]
[Black "Tsouchnikas, Orestis"]
[Result "1/2-1/2"]
[WhiteElo "1975"]
[BlackElo "1578"]
[PlyCount "105"]
[EventDate "2019.06.25"]
[EventType "swiss"]
[EventRounds "9"]
[EventCountry "GRE"]
[SourceTitle "EXT 2020"]
[Source "ChessBase"]
[SourceDate "2019.10.17"]
[SourceVersion "1"]
[SourceVersionDate "2019.10.17"]
[SourceQuality "1"]
[WhiteTeam "Greece"]
[BlackTeam "Greece"]
[WhiteTeamCountry "GRE"]
[BlackTeamCountry "GRE"]

1. Nf3 d5 2. c4 c6 3. g3 Nf6 4. Bg2 g6 5. b3 Bg7 6. Bb2 0-0 7. 0-0 Re8 8. d4 Nbd7 9. Nc3 Nb6 10. cxd5 cxd5 11. Ne5 e6 12. Rc1 Bd7 13. Qd3 a6 14. Ba3 Bf8 15. Bxf8 Rxf8 16. Rc2 Rc8 17. Rfc1 Bc6 18. Qd2 Nfd7 19. Nd3 Qe7 20. a4 Rc7 21. Nc5 Nxc5 22. dxc5 Nc8 23. b4 Na7 24. e4 dxe4 25. Bxe4 Rd8 26. Qe3 Bxe4 27. Nxe4 Rcd7 28. Rc4 Rd3 29. Qe2 R3d5 30. Qb2 e5 31. b5 Rd1+ 32. Rxd1 Rxd1+ 33. Kg2 axb5 34. axb5 Qe6 35. Ra4 f5 36. Rxa7 fxe4 37. Qa2 Qxa2 38. Rxa2 Rb1 39. c6 bxc6 40. bxc6 Rc1 41. Ra8+ Kf7 42. Ra7+ Ke6 43. Rxh7 Rxc6 44. Kf1 Rc2 45. g4 Kf6 46. h4 Rc1+ 47. Kg2 Rc2 48. Kf1 Rc1+ 49. Ke2 Rg1 50. f3 exf3+ 51. Kxf3 Rf1+ 52. Kg2 Ra1 53. h5 1/2-1/2

[Event "Thessaloniki/Chalkidiki-chT"]
[Site "Thessaloniki/Chalkidiki"]
[Date "2019.03.03"]
[Round "7.4"]
[White "Themelis, Georgios"]
[Black "Tsouchnikas, Orestis"]
[Result "1-0"]
[WhiteElo "1942"]
[BlackElo "1448"]
[PlyCount "69"]
[EventDate "2019.01.13"]
[EventType "team-tourn"]
[EventRounds "9"]
[EventCountry "GRE"]
[SourceTitle "EXT 2020"]
[Source "ChessBase"]
[SourceDate "2019.10.17"]
[SourceVersion "1"]
[SourceVersionDate "2019.10.17"]
[SourceQuality "1"]
[WhiteTeam "Kalamarias ES"]
[BlackTeam "Kalamarias Han"]
[WhiteTeamCountry "GRE"]
[BlackTeamCountry "GRE"]

1. e4 e5 2. Nf3 Nc6 3. d4 exd4 4. Bc4 Nf6 5. e5 d5 6. Bb5 Ne4 7. Nxd4 Bd7 8. Bxc6 bxc6 9. 0-0 c5 10. Ne2 c6 11. f3 Ng5 12. f4 Ne4 13. Nd2 Nxd2 14. Qxd2 g6 15. Ng3 Bg7 16. Qf2 Qe7 17. c3 Bf5 18. Nxf5 gxf5 19. Be3 Bf8 20. Qc2 Qd7 21. Rad1 Rb8 22. Rf3 Be7 23. Rh3 0-0 24. Rh5 f6 25. Qf2 fxe5 26. fxe5 Qe6 27. Bf4 Rb7 28. Rh6 Qd7 29. Rd3 d4 30. e6 Qd8 31. Rg3+ Kh8 32. cxd4 cxd4 33. Be5+ Bf6 34. Rxf6 Rxf6 35. Qxd4 1-0

[Event "Thessaloniki/Chalkidiki-chT"]
[Site "Thessaloniki/Chalkidiki"]
[Date "2019.01.20"]
[Round "2.8"]
[White "Papadokokolakis, Panagiotis"]
[Black "Tsouchnikas, Orestis"]
[Result "1-0"]
[WhiteElo "1659"]
[BlackElo "1448"]
[PlyCount "107"]
[EventDate "2019.01.13"]
[EventType "team-tourn"]
[EventRounds "9"]
[EventCountry "GRE"]
[SourceTitle "EXT 2020"]
[Source "ChessBase"]
[SourceDate "2019.10.17"]
[SourceVersion "1"]
[SourceVersionDate "2019.10.17"]
[SourceQuality "1"]
[WhiteTeam "Polygyrou ASO"]
[BlackTeam "Kalamarias Han"]
[WhiteTeamCountry "GRE"]
[BlackTeamCountry "GRE"]

1. d4 d5 2. Bf4 Nf6 3. e3 e6 4. Bd3 c5 5. c3 cxd4 6. exd4 Bd6 7. Bg3 0-0 8. Nf3 Nc6 9. 0-0 a6 10. Nbd2 Re8 11. Re1 Qc7 12. Qc2 h6 13. Bxd6 Qxd6 14. Ne5 Nd7 15. Nxf7 Qe7 16. Ne5 Ndxe5 17. dxe5 Bd7 18. Nf3 b5 19. a3 Rec8 20. Qe2 Be8 21. Nd4 Nxd4 22. cxd4 Rc7 23. Rec1 Rac8 24. Qd2 Rxc1+ 25. Rxc1 Qd7 26. Rxc8 Qxc8 27. Qc2 Qxc2 28. Bxc2 g6 29. Kf1 Kf7 30. Ke2 Ke7 31. f4 h5 32. h3 a5 33. Kf3 Kf7 34. g4 Bd7 35. Kg3 Kg7 36. Bd1 Kh6 37. Kh4 hxg4 38. hxg4 g5+ 39. fxg5+ Kg6 40. Bc2+ Kg7 41. Kg3 Be8 42. Bd3 Bd7 43. a4 b4 44. b3 Be8 45. g6 Bxg6 46. Bxg6 Kxg6 47. Kh4 Kh6 48. g5+ Kg6 49. Kg4 Kh7 50. Kh5 Kg7 51. g6 Kg8 52. g7 Kf7 53. g8Q+ Kxg8 54. Kg6 1-0